000 00278nam a2200109Ia 4500
001 1261172
005 20260417140346.0
008 260417s9999 xx 000 0 und d
020 _a9786256309548
245 0 _aMilletlerin Zenginliği
_cAdam Smith
260 _bKetebe Yayınları
999 _c1261172
_d1261172